<?xml version="1.0" encoding="UTF-8"?>
<record
    xmlns:xsi="http://www.w3.org/2001/XMLSchema-instance"
    xsi:schemaLocation="http://www.loc.gov/MARC21/slim http://www.loc.gov/standards/marcxml/schema/MARC21slim.xsd"
    xmlns="http://www.loc.gov/MARC21/slim">

  <leader>03044cam a2200421 i 4500</leader>
  <controlfield tag="001">23081870</controlfield>
  <controlfield tag="005">20240305165656.0</controlfield>
  <controlfield tag="006">m     o  d        </controlfield>
  <controlfield tag="007">cr un ---uuuua</controlfield>
  <controlfield tag="008">230329s2023    sp a    ob    100 0 spa d</controlfield>
  <datafield tag="010" ind1=" " ind2=" ">
    <subfield code="a">  2023377157</subfield>
  </datafield>
  <datafield tag="020" ind1=" " ind2=" ">
    <subfield code="a">9788411229197</subfield>
    <subfield code="q">(paperback)</subfield>
  </datafield>
  <datafield tag="035" ind1=" " ind2=" ">
    <subfield code="a">38810</subfield>
  </datafield>
  <datafield tag="040" ind1=" " ind2=" ">
    <subfield code="a">UtOrBLW</subfield>
    <subfield code="b">eng</subfield>
    <subfield code="e">rda</subfield>
    <subfield code="c">UtOrBLW</subfield>
  </datafield>
  <datafield tag="041" ind1="0" ind2=" ">
    <subfield code="a">spa</subfield>
    <subfield code="a">por</subfield>
  </datafield>
  <datafield tag="042" ind1=" " ind2=" ">
    <subfield code="a">lccopycat</subfield>
  </datafield>
  <datafield tag="050" ind1=" " ind2="4">
    <subfield code="a">Z1003</subfield>
    <subfield code="b">.C393 2022</subfield>
  </datafield>
  <datafield tag="082" ind1="0" ind2="4">
    <subfield code="a">028.9</subfield>
    <subfield code="2">23</subfield>
  </datafield>
  <datafield tag="111" ind1="2" ind2=" ">
    <subfield code="a">La censura de la literatura infantil y juvenil en las dictaduras del siglo XX. H&#xE1;bitos de lectura en la actualidad (Conference) :</subfield>
    <subfield code="d">(2022 :</subfield>
    <subfield code="c">Teruel, Spain),</subfield>
    <subfield code="j">author.</subfield>
  </datafield>
  <datafield tag="245" ind1="1" ind2="4">
    <subfield code="a">Los h&#xE1;bitos de lectura en el siglo XXI /</subfield>
    <subfield code="c">Ram&#xF3;n Tena Fern&#xE1;ndez, Jos&#xE9; Soto V&#xE1;zquez (editores) ; Jo&#xE3;o Paulo Balula [and sixteen others].</subfield>
  </datafield>
  <datafield tag="264" ind1=" " ind2="1">
    <subfield code="a">Madrid :</subfield>
    <subfield code="b">Dykinson,</subfield>
    <subfield code="c">[2023]</subfield>
  </datafield>
  <datafield tag="300" ind1=" " ind2=" ">
    <subfield code="a">1 online resource (187 pages) :</subfield>
    <subfield code="b">illustrations</subfield>
  </datafield>
  <datafield tag="336" ind1=" " ind2=" ">
    <subfield code="a">text</subfield>
    <subfield code="b">txt</subfield>
    <subfield code="2">rdacontent</subfield>
  </datafield>
  <datafield tag="337" ind1=" " ind2=" ">
    <subfield code="a">computer</subfield>
    <subfield code="b">c</subfield>
    <subfield code="2">rdamedia</subfield>
  </datafield>
  <datafield tag="338" ind1=" " ind2=" ">
    <subfield code="a">online resource</subfield>
    <subfield code="b">cr</subfield>
    <subfield code="2">rdacarrier</subfield>
  </datafield>
  <datafield tag="500" ind1=" " ind2=" ">
    <subfield code="a">Proceedings of the conference held at the Facultad de Ciencias Sociales y Humanas de Teruel, Teruel, Spain, on May 25-26, 2022.</subfield>
  </datafield>
  <datafield tag="504" ind1=" " ind2=" ">
    <subfield code="a">Includes bibliographical references.</subfield>
  </datafield>
  <datafield tag="505" ind1="0" ind2=" ">
    <subfield code="a">La LIJ en Espa&#xF1;a: h&#xE1;bitos dirigidos / Elena del Pilar Jim&#xE9;nez P&#xE9;rez -- Habitos de lectura de los estudiantes universitarios de Ecuador en funci&#xF3;n de la edad / Jos&#xE9; Antonio Guti&#xE9;rrez Gallego, Noem&#xED; Su&#xE1;rez Monz&#xF3;n, Santiago Sevilla Vallejo, Ram&#xF3;n P&#xE9;rez Parejo, Jos&#xE9; Soto V&#xE1;zquez, Francisco Javier Jara&#xED;z Cabanillas -- Lectura literaria en escuelas formadoras de docentes en M&#xE9;xico / Mar&#xED;a Teresa Orozco L&#xF3;pez -- An&#xE1;lisis de la literatura infantil y juvenil escrita por mujeres en Extremadura durante el siglo XXI: autoras e ilustradoras / Patricia Escribano Jim&#xE9;nez -- Principios metodol&#xF3;gicos para el estudio de los h&#xE1;bitos de lectura en el alumnado de la Universidad de La Rioja / Alberto Escalante Varona -- H&#xE1;bitos lectores del futuro profesorado de educacion infantil en torno al &#xE1;lbum ilustrado sin palabras / Roc&#xED;o Domene Benito -- An&#xE1;lisis del callejero de Extremadura y su vinculaci&#xF3;n con nombres de escritores / Pilar Cantillo Cordero, Jos&#xE9; Soto V&#xE1;zquez, Jos&#xE9; Antonio Guti&#xE9;rrez Gallego, Ram&#xF3;n Tena Fern&#xE1;ndez -- Los libros en tiempos del Covid: pandemia y producci&#xF3;n editorial extreme&#xF1;a desde las ciencias sociales / Enrique Eugenio Ruiz Labrador, Mar&#xED;a de los Reyes Ben&#xED;tez Mart&#xED;nez -- Cuidar de los h&#xE1;bitos de lectura en la actualidad: un estudio de caso / Dulce Mel&#xE1;o, Jo&#xE3;o Paulo Balula.</subfield>
  </datafield>
  <datafield tag="546" ind1=" " ind2=" ">
    <subfield code="a">Text mainly in Spanish with one contribution in Portuguese.</subfield>
  </datafield>
  <datafield tag="650" ind1=" " ind2="0">
    <subfield code="a">Reading interests</subfield>
    <subfield code="v">Congresses.</subfield>
  </datafield>
  <datafield tag="650" ind1=" " ind2="0">
    <subfield code="a">Children</subfield>
    <subfield code="x">Books and reading</subfield>
    <subfield code="v">Congresses.</subfield>
  </datafield>
  <datafield tag="650" ind1=" " ind2="0">
    <subfield code="a">Youth</subfield>
    <subfield code="x">Books and reading</subfield>
    <subfield code="v">Congresses.</subfield>
  </datafield>
  <datafield tag="700" ind1="1" ind2=" ">
    <subfield code="a">Tena Fern&#xE1;ndez, Ram&#xF3;n,</subfield>
    <subfield code="e">editor.</subfield>
  </datafield>
  <datafield tag="700" ind1="1" ind2=" ">
    <subfield code="a">Soto V&#xE1;zquez, Jos&#xE9;,</subfield>
    <subfield code="e">editor.</subfield>
  </datafield>
  <datafield tag="700" ind1="1" ind2=" ">
    <subfield code="a">Balula, Jo&#xE3;o Paulo,</subfield>
    <subfield code="d">1967-</subfield>
    <subfield code="e">author.</subfield>
  </datafield>
  <datafield tag="856" ind1="4" ind2="0">
    <subfield code="u">https://app.vlex.com/#/sources/38810</subfield>
  </datafield>
  <datafield tag="942" ind1=" " ind2=" ">
    <subfield code="c">RAA</subfield>
  </datafield>
  <datafield tag="952" ind1=" " ind2=" ">
    <subfield code="0">0</subfield>
    <subfield code="1">0</subfield>
    <subfield code="4">0</subfield>
    <subfield code="7">0</subfield>
    <subfield code="8">VLEX</subfield>
    <subfield code="9">331015</subfield>
    <subfield code="a">BD-UIN</subfield>
    <subfield code="b">BD-UIN</subfield>
    <subfield code="d">2024-03-05</subfield>
    <subfield code="l">0</subfield>
    <subfield code="p">38810</subfield>
    <subfield code="r">2024-03-05</subfield>
    <subfield code="w">2024-03-05</subfield>
    <subfield code="y">RAA</subfield>
  </datafield>
  <datafield tag="999" ind1=" " ind2=" ">
    <subfield code="c">173108</subfield>
    <subfield code="d">173108</subfield>
  </datafield>
</record>
